| 000 | 00580nam a22001817a 4500 | ||
|---|---|---|---|
| 003 | OSt | ||
| 005 | 20180519091548.0 | ||
| 008 | 180220b xxu||||| |||| 00| 0 spa d | ||
| 020 | _a950200657 | ||
| 040 | _cPJ | ||
| 100 |
_9611 _aGodoy, Norberto Julián |
||
| 245 | 1 | 0 |
_aTeoría general del derecho tributario : _baspectos escenciales / _cNorberto J. Godoy. |
| 260 |
_aBuenos Aires : _bAbeledo-Perrot, _c1992. |
||
| 300 |
_a204 p. _c23 cm. |
||
| 500 | _aCitas y notas bibliográficas al pie de página. | ||
| 650 | 0 |
_aDERECHO TRIBUTARIO _9339 |
|
| 942 |
_2udc _cLIB _h336.2 _iGOD |
||
| 999 |
_c475 _d475 |
||